000 00287pam a2200121 a 4500
020 _c
041 _h
100 _aJanet Whitte.
245 _aHow to Draw Flowers in Simple Steps
_hTextual Documents
260 _a[s.l]:
_bSearch Press,
_c2014.
300 _a32:
_bpaper.
930 _a7456
999 _c241246
_d241246